| 000 | 00799nam0a22002411 4500 | ||
|---|---|---|---|
| 001 | v19\rc\1216994 | ||
| 005 | 20260405145313.0 | ||
| 035 | _a(NLR Aleph) 005195888 | ||
| 090 |
_a5259839 _c5259839 |
||
| 100 | _a20060306d1874 u y0rusy50 ca | ||
| 101 | 0 | _arus | |
| 102 | _aRU | ||
| 105 | _ay z |||a| | ||
| 200 | 1 |
_aКрасавец Ролан, или Клуб висельников _eРоман |
|
| 210 |
_aСанкт-Петербург _cизд. В.А. Ашика _d1874 |
||
| 517 | 0 | _aКлуб висельников | |
| 700 | 1 |
_7ca _8rus _aБори _bГ. _f1828-1872 _gГонтран _943677 _3RU\NLR\AUTH\7760747 |
|
| 801 | 0 |
_aRU _bNLR _c20060306 _gpsbo |
|
| 801 | 1 |
_aRU _bProSoft-M _c20060306 _2rusmarc |
|
| 801 | 2 |
_aRU _bNLR _c20120305 _2rusmarc |
|
| 852 |
_aNLR _j18.235.4.8 |
||
| 942 | _cBOOK | ||
| 980 | _aNB | ||